Wand Materials in Harry Potter Quiz Stats

 Plays Quiz Updated Feb 13, 2018

Challenge
Share
Tweet
Embed
Score 0/23 Timer 05:00
0 Plays Today
Owner(s) Wand Core/Wood % Correct
Harry Potter & Lord VoldemortPhoenix feather
78.5%
Rubeus HagridOak
74.7%
Cedric Diggory, Draco Malfoy, etc.Unicorn hair
70.3%
Hermione Granger, Viktor Krum, etc.Dragon heartstring
68.5%
Harry PotterHolly
50.6%
Elder Wand (multiple owners)Elder
49.6%
Lucius MalfoyElm
44.1%
Lord VoldemortYew
43.8%
Lily Evans & Ron Weasley (second wand)Willow
42.1%
Cedric Diggory & Ron Weasley (first wand)Ash
40%
Fleur DelacourVeela hair
38.6%
Neville Longbottom (second wand) & Mary CattermoleCherry
37.1%
Owner(s) Wand Core/Wood % Correct
James PotterMahogany
25.3%
Draco MalfoyHawthorn
23.4%
Unnamed SnatcherBlackthorn
23.1%
Minerva McGonagallFir
22.4%
Bellatrix LestrangeWalnut
19.8%
Peter PettigrewChestnut
18.7%
Elder Wand (multiple owners)Thestral hair
17.2%
Quirinus QuirrellAlder
16.4%
Fleur DelacourRosewood
16.1%
Hermione GrangerVine
15.3%
Viktor KrumHornbeam
10%

You're not logged in!

Compare scores with friends on all Sporcle quizzes.
OR
Log In

You Might Also Like...

Show Comments

Extras

Top Quizzes Today


Score Distribution

Your Account Isn't Verified!

In order to create a playlist on Sporcle, you need to verify the email address you used during registration. Go to your Sporcle Settings to finish the process.

Report this User

Report this user for behavior that violates our Community Guidelines.

Details: